| 000 | 01289nam a22003617a 4500 | ||
|---|---|---|---|
| 003 | CHAP | ||
| 005 | 20250903062747.0 | ||
| 008 | 971013s1981 r 00010 d | ||
| 010 | _a72767 | ||
| 011 | _a73739 | ||
| 035 | _a83297 | ||
| 040 | _cCHAP | ||
| 090 | _aTesis | ||
| 100 | 0 | 0 |
_aBárcena Gama, José Ricardo. _913276 |
| 245 | _aEfecto de la suplementación y de la presión de pastoreo sobre la ganancia de peso y digestibilidad en borregas pastoreando praderas de ballico anual (Lolium multiflorum) | ||
| 260 |
_aChapingo, Méx. : _bEl autor, _c1981 |
||
| 300 | _a52 h. | ||
| 502 | _aTesis (M. C. Esp. en Ganadería) -- CP. Centro de Ganaderia | ||
| 590 |
_aALEPH _b10 _c20130110 _lUCH01 _h1414 |
||
| 590 |
_aBATCH-UPD _b10 _c20130110 _lUCH01 _h0655 |
||
| 590 |
_aBATCH-UPD _b10 _c20130410 _lUCH01 _h0340 |
||
| 590 |
_aBATCH-UPD _b10 _c20130914 _lUCH01 _h0647 |
||
| 590 |
_aCONVERSION _b10 _c20130109 _lUCH01 _h1340 |
||
| 650 | 1 | 7 |
_aForrajes _xDigestibilidad _2 _942568 |
| 650 | 1 | 4 |
_aGanado lanar _xPastoreo. _945209 |
| 650 | 1 | 4 |
_aGanado lanar _xPeso. _945211 |
| 650 | 1 | 4 |
_aLolium multiflorum. _967504 |
| 901 | _aBK | ||
| 942 | _cFOLL | ||
| 949 |
_bBC _cTES _d-37794 _eTS1 _i83297 _si |
||
| 949 |
_bBC _cTES _d-37796 _eTS2 _fc.2 _i83297 _si |
||
| 949 |
_bBC _cTES _d-37803 _eTS2 _fc.3 _i83297 _si |
||
| 999 |
_c72767 _d72767 |
||